Alle Elektro Pokemon 1. Generation - Statistiken

Allgemein
  • Dieses Quiz wurde 73 mal gespielt
  • Das Durchschnittsergebnis liegt bei 8 aus 9
Antwortstatistiken
Antwort % Korrekt
Pikachu
100%
Raichu
97%
Zapdos
93%
Elektek
88%
Lektrobal
88%
Voltobal
88%
Magnetilo
86%
Blitza
85%
Magneton
85%
Keine übereinstimmenden Quizze gefunden
Verteilung der Resultate
Anzahl Personen mit jedem Resultat
Perzentil nach korrekt beantworteten Fragen
Ihre Resultats-Entwicklung
Sie haben dieses Quiz noch nicht gespielt